000 01449nam a2200349 a 4500
001 0000389
003 DO-SdBNP
005 20180312095253.0
007 0000389
008 150817s2000 ac spa d
020 _a848261200X
040 _aBPMSU
_bspa
_cBPMSU
092 _a372.61
_bN964e 5to. 2000
100 1 _aNúñez, Manuel
245 1 0 _aEspañol 5
_beducación básica /
_cManuel Núñez ; ilustración Ruddy Núñez ; dirección editorial Obdulia García de Escobar
260 _aSanto Domingo :
_bSantillana,
_c2000.
300 _a192 p :
_bil. retrs.
_c28 cm.
490 0 _aUmbral
505 1 _tEncuentro de dos culturas --
_tDominicanos en el mundo --
_tConvivir con los demás --
_tEl respeto a los demás --
_tTesoros de la naturaleza --
_tLa naturaleza, fuente de vida --
_tPrecauciones para estar saludables --
_t¿Cuidado! --
_tExploremos el mundo --
_tLas autopistas de la información --
_tEl trabajo --
_tCultivemos nuestras aficiones --
650 _aGRAMÁTICA
_xENSEÑANZA BÁSICA
650 _aGRAMÁTICA
_xEDUCACIÓN PRIMARIA
650 _aEDUCACIÓN BÁSICA
_zREPÚBLICA DOMINICANA
650 _aGRAMÁTICA
_xLIBROS DE TEXTO
650 _aGRAMÁTICA
_xESTUDIOS Y EJERCICIOS
700 1 _aNúñez, Ruddy
_eil.
700 1 _aGarcía de Escobar, Obdulia
_edir. ed.
830 0 _aUmbral
910 _a00144
942 _2ddc
_cBK
945 _aRemanejado para la BNPHU / 2018 VM
956 _aYngrid Lockward
_b10
999 _c10124
_d10124